Joueurs de rugby célèbres n'ayant jamais été Champion de France - Statistiques

Statistiques générales
  • Ce quiz a été pris 65 fois
    55 depuis la dernière actualisation
  • Le résultat moyen est 5 sur 16
Answers on the Grid
Answers color-coded by a green-red scale on the quiz's grid according to % correct below.
Jean-Pierre Rives
Frédéric Michalak
Pierre Albaladejo
Imanol Harinordoquy
Gael Fickou
Guy Novès
Serge Blanco
Thierry Lacroix
Dimitri Yachvili
Emile Ntamack
Antoine Dupont
Raphael Ibanez
Jacques Fouroux
Louis Bielle-Barrey
Christian Califano
Christophe Lamaison
Abdelatif Benazzi
Marc Lièvremont
Christophe Dominici
Philippe Saint-André
Fabien Pelous
Philippe Sella
Ugo Mola
Gregory Alldritt
Jo Maso
Fabien Galthié
Olivier Magne
Charles Ollivon
Thomas Castaignède
Pierre Villepreux
Bernard Laporte
Aurélien Rougerie
 
Statistiques - réponses
Réponse % Correct
Louis Bielle-Barrey
64%
Charles Ollivon
45%
Gael Fickou
45%
Gregory Alldritt
45%
Serge Blanco
45%
Jean-Pierre Rives
36%
Raphael Ibanez
36%
Jacques Fouroux
27%
Philippe Saint-André
27%
Pierre Albaladejo
27%
Abdelatif Benazzi
18%
Christophe Lamaison
18%
Olivier Magne
18%
Jo Maso
9%
Pierre Villepreux
9%
Thierry Lacroix
9%
Aucun quiz correspondant
Distribution des résultats
% des personnes avec chaque résultat
Percentile par nombre de réponses
Votre historique - résultats
Vous n’avez pas pris ce quiz depuis la dernière actualisation